000 00781nam a2200241 i 4500
003 DO-SdBNP
005 20230818142748.0
006 a||||gr|||| 00| 0
007 ta
008 230818e1997 dr ||||| |||| 00| 0 spa d
040 _aDO-SdBNP
_bspa
_cBNPHU
_erda
082 4 _222
_bR426
110 1 _aRepública Dominicana
_9447
240 _a(Leyes, etc)
245 1 0 _aLey no. 520 sobre asociaciones que no tengan por objeto un beneficio pecunario:
_borden ejecutiva no. 520 del 26 de julio de 1920 G. O. 3139. /
264 1 _aSanto Domingo :
_b[sin editora],
_c1997
300 _a8 páginas ;
_c22 cm.
336 _2rdacontent
_atexto
_btxt
337 _2rdamedia
_asin mediación
_bn
338 _2rdacarrier
_avolumen
_bnc
590 _aInventariado 2023 / MF
942 _2ddc
_cLF2
999 _c54485
_d54485